| 000 | 00632nam a22001935i 4500 | ||
|---|---|---|---|
| 001 | 166352 | ||
| 003 | ES-MaACL | ||
| 005 | 20231103062536.0 | ||
| 008 | 990701s1859 fr |||| | fre d | ||
| 040 |
_aCCPB | B _bspa _cCCPB | B |
||
| 100 | 1 |
_aTocqueville, Alexis de. _9110392 |
|
| 245 | 1 | 2 |
_aL'Ancien Régime et la Révolution / _cpar Alexis de Tocqueville. |
| 250 | _a4e éd. | ||
| 260 |
_aParis : _bMichel Lévy Frères, libraires-éditeurs, _c1859. |
||
| 300 |
_a479 p. ; _c21 cm. |
||
| 651 | 4 |
_aFrancia- _xHistoria- _y1789-1799, Revolución _98685 |
|
| 852 |
_aES-MaACL _jF-13363 _z-- Enc. hol. |
||
| 999 |
_c166352 _d166352 |
||